Mezinárodní měnový fond ve 21. století

Enregistré dans:
Détails bibliographiques
Auteur principal: Sedláček, Petr
Format: Livre
Langue:tchèque
Publié: Praha C. H. Beck 2008
Collection:Beckova edice ekonomie
Sujets:
Tags: Ajouter un tag
Pas de tags, Soyez le premier à ajouter un tag!

MARC

LEADER 00000nam$a2200000$$$4500
001 0111826
005 20220906074023.7
020 |a 978-80-7400-012-6 
041 0 |a cze 
044 |a CZ 
245 1 0 |a Mezinárodní měnový fond ve 21. století  |c Petr Sedláček 
264 1 |a Praha  |b C. H. Beck  |c 2008 
300 |a 234 s. 
490 1 |a Beckova edice ekonomie 
830 0 |a Beckova edice ekonomie 
610 2 0 |a mena 
610 2 0 |a politika menová 
610 2 0 |a organizácie medzinárodné 
610 2 0 |a organizácie finančné 
610 2 0 |a vývoj 
610 2 0 |a kríza finančná 
610 2 0 |a prevencia 
610 2 0 |a pomoc medzinárodná 
610 2 0 |a Medzinárodný menový fond 
610 2 0 |a Česko 
100 1 |a Sedláček, Petr